[Event "Germain Laplante U1600"]
[Site "Chambly CAN"]
[Date "2023.04.30"]
[Round "4.30"]
[White "St-Jean, Jerome"]
[Black "Banger, Sartaj"]
[Result "0-1"]
[WhiteElo "1406"]
[BlackElo "1315"]
[PlyCount "74"]
[EventDate "2023.04.28"]
[EventType "swiss"]
[EventRounds "5"]
[EventCountry "CAN"]

1. c4 e5 2. Nc3 Nc6 3. a3 g6 4. e4 Bg7 5. Nge2 Nge7 6. Qc2 d6 7. d3 O-O 8. Be3
f5 9. Bg5 Be6 10. Nd5 Qd7 11. Qa4 Rf7 12. Nec3 Bxd5 13. exd5 Nb8 14. Qb5 c6 15.
Qb3 Na6 16. Be2 Raf8 17. Bxe7 Qxe7 18. dxc6 bxc6 19. Qc2 Nc7 20. O-O-O d5 21.
Kb1 Rb8 22. Qa4 e4 23. d4 c5 24. cxd5 cxd4 25. Rxd4 Bxd4 26. Qxd4 Qxa3 27. Na4
Rb4 28. Qe5 Qxa4 29. d6 Na6 30. Bxa6 Qxa6 31. Qe8+ Kg7 32. Rd1 Qe2 33. Qe5+ Rf6
34. Rc1 Qd3+ 35. Rc2 Qxd6 36. Rc7+ Kh6 37. Qc3 Qd3+ 0-1

[Event "Germain Laplante U1600"]
[Site "Chambly CAN"]
[Date "2023.04.30"]
[Round "4.31"]
[White "Wu, Ting En Ryan"]
[Black "Tarditi, Francesco"]
[Result "1-0"]
[WhiteElo "1400"]
[BlackElo "1171"]
[PlyCount "93"]
[EventDate "2023.04.28"]
[EventType "swiss"]
[EventRounds "5"]
[EventCountry "CAN"]

1. e4 e5 2. Nf3 Nc6 3. Bc4 Bc5 4. c3 Nf6 5. d3 d6 6. h3 h6 7. O-O O-O 8. Re1 a6
9. Bb3 Be6 10. Bc2 Ne7 11. Nbd2 c6 12. Nb3 Ba7 13. Be3 b5 14. Bxa7 Rxa7 15. d4
Ng6 16. Bd3 Qb6 17. Bf1 a5 18. Nc1 Nh7 19. dxe5 dxe5 20. Nd3 Rd8 21. Qc2 f6 22.
Rad1 Rad7 23. b4 axb4 24. cxb4 Bc4 25. g3 Nhf8 26. a3 Ne6 27. Re3 Nd4 28. Qc3
Nf8 29. Nd2 Bxd3 30. Rxd3 Nfe6 31. Nb3 Nf3+ 32. Kg2 Rxd3 33. Bxd3 Nfd4 34. Bc2
Kf8 35. Nxd4 Nxd4 36. Bb3 Nxb3 37. Qxb3 Rd4 38. Rxd4 Qxd4 39. Kf3 Ke7 40. Qe3
Qd1+ 41. Kg2 Kd6 42. Qc5+ Kd7 43. Qa7+ Ke6 44. Qxg7 Qd3 45. Qg4+ Kf7 46. Qh5+
Ke6 47. Qe8+ 1-0

[Event "Germain Laplante U1600"]
[Site "Chambly CAN"]
[Date "2023.04.30"]
[Round "4.32"]
[White "Dufresne, Maxime"]
[Black "Asselin, Jonathan"]
[Result "0-1"]
[WhiteElo "1534"]
[BlackElo "1375"]
[PlyCount "98"]
[EventDate "2023.04.28"]
[EventType "swiss"]
[EventRounds "5"]
[EventCountry "CAN"]

1. d4 g6 2. e4 d6 3. g3 Bg7 4. Bg2 Nd7 5. Ne2 c5 6. O-O cxd4 7. Nxd4 Ngf6 8.
Be3 O-O 9. Nc3 Ne5 10. f3 Bd7 11. Qe2 a6 12. Rfd1 Rc8 13. Rab1 Nc4 14. Bf2 b5
15. a3 Nxb2 16. Rxb2 Rxc3 17. Rb3 Rc4 18. Qd2 e5 19. Ne2 Qc7 20. Rc3 Rc8 21.
Rxc4 Qxc4 22. c3 Bf8 23. Bf1 Be6 24. Be1 Qb3 25. Nc1 Qxa3 26. Nd3 a5 27. Rb1
Bc4 28. Qb2 Qxb2 29. Rxb2 a4 30. Nb4 a3 31. Rb1 d5 32. Bxc4 Rxc4 33. Nxd5 Nxd5
34. exd5 Rc5 35. Rd1 Bd6 36. Kf1 f5 37. Ke2 Kf7 38. Bd2 Rxd5 39. Ra1 Rxd2+ 40.
Kxd2 Ke6 41. Kc2 Kd5 42. Kb3 e4 43. Rd1+ Ke5 44. fxe4 fxe4 45. c4 bxc4+ 46.
Kxc4 e3 47. Rd5+ Ke6 48. Rd3 a2 49. Rxe3+ Be5 0-1

[Event "Germain Laplante U1600"]
[Site "Chambly CAN"]
[Date "2023.04.30"]
[Round "4.34"]
[White "Mourad, Michel"]
[Black "Alameddine, Karim"]
[Result "1-0"]
[WhiteElo "1492"]
[BlackElo "1451"]
[PlyCount "111"]
[EventDate "2023.04.28"]
[EventType "swiss"]
[EventRounds "5"]
[EventCountry "CAN"]

1. d4 d5 2. c4 h6 3. cxd5 Qxd5 4. Nc3 Qd7 5. Bf4 Nf6 6. e3 a6 7. Nf3 e6 8. Rc1
Bb4 9. a3 Bxc3+ 10. bxc3 O-O 11. Bd3 Nc6 12. O-O Qe7 13. Qb3 b6 14. c4 Bb7 15.
a4 Na5 16. Qc2 Bxf3 17. gxf3 c5 18. Rb1 Nd7 19. d5 e5 20. Bg3 Nb7 21. f4 f6 22.
Bf5 Nd6 23. Bxd7 Qxd7 24. Rxb6 Rfb8 25. Rfb1 Rxb6 26. Rxb6 exf4 27. Bxf4 Qg4+
28. Kf1 Nf5 29. Qe2 Qh3+ 30. Ke1 Nh4 31. Kd1 Qd7 32. Qc2 Ng2 33. Bg3 h5 34. h4
Re8 35. Kd2 Ra8 36. Rc6 Qg4 37. Rxc5 Nxh4 38. Bxh4 Qxh4 39. Qf5 Qh1 40. d6 Qb7
41. Qd5+ Qxd5+ 42. Rxd5 g6 43. d7 Rd8 44. c5 Kf7 45. c6 Ke7 46. e4 h4 47. c7 h3
48. cxd8=Q+ Kxd8 49. Rd3 h2 50. Rh3 Kxd7 51. Rxh2 Ke6 52. Rh8 Ke5 53. f3 Kf4
54. Ke2 f5 55. exf5 Kxf5 56. Ra8 1-0

[Event "Germain Laplante U1600"]
[Site "Chambly CAN"]
[Date "2023.04.30"]
[Round "4.36"]
[White "Sanders, Marcus"]
[Black "Germain, Max jr"]
[Result "1/2-1/2"]
[WhiteElo "1418"]
[BlackElo "1486"]
[PlyCount "102"]
[EventDate "2023.04.28"]
[EventType "swiss"]
[EventRounds "5"]
[EventCountry "CAN"]

1. d4 c6 2. Nf3 Nf6 3. c4 d5 4. e3 e6 5. a3 Be7 6. Nc3 O-O 7. Qc2 h6 8. e4 dxe4
9. Nxe4 Nbd7 10. Be3 Ne8 11. Be2 b6 12. Rd1 Bb7 13. Ne5 Nxe5 14. dxe5 Qc7 15.
f4 f5 16. Nd2 c5 17. Nf3 Qc6 18. Rg1 Qe4 19. Qxe4 Bxe4 20. Nd2 Bc2 21. Rc1 Ba4
22. b3 Bc6 23. Rd1 Rd8 24. Nb1 Nc7 25. Nc3 Kh7 26. g3 Rxd1+ 27. Kxd1 Rd8+ 28.
Kc2 g5 29. Rd1 Kg6 30. Rxd8 Bxd8 31. b4 cxb4 32. axb4 g4 33. b5 Bb7 34. Na4
Be4+ 35. Kb3 Na8 36. c5 Kf7 37. Bc4 bxc5 38. Nxc5 Bd5 39. Bxd5 exd5 40. Na4 Nb6
41. Nxb6 axb6 42. Kc3 Ke6 43. Bc1 Bc7 44. Ba3 h5 45. Bf8 Bd8 46. Bd6 Be7 47.
Bxe7 Kxe7 48. Kd3 Kd7 49. Ke2 Ke7 50. Kf2 Kd7 51. Kg2 Ke7 1/2-1/2

[Event "Germain Laplante U1600"]
[Site "Chambly CAN"]
[Date "2023.04.30"]
[Round "4.37"]
[White "Rodrigue, Vincent"]
[Black "De Guise, Ronald"]
[Result "1-0"]
[WhiteElo "1485"]
[BlackElo "1315"]
[PlyCount "97"]
[EventDate "2023.04.28"]
[EventType "swiss"]
[EventRounds "5"]
[EventCountry "CAN"]

1. e4 e5 2. Nf3 Nc6 3. Bb5 a6 4. Ba4 b5 5. Bb3 Bc5 6. c3 Nf6 7. d3 d5 8. O-O
Bg4 9. h3 Bh5 10. Qe2 O-O 11. Bg5 Qd6 12. Bxf6 Qxf6 13. Bxd5 Rad8 14. Nbd2 Ne7
15. Bb3 Ng6 16. g3 Rd7 17. Kg2 Rfd8 18. Bc2 Bb6 19. a4 c5 20. axb5 axb5 21. c4
b4 22. Ra6 Ra7 23. Rfa1 Rxa6 24. Rxa6 h6 25. Nf1 Qd6 26. Ne3 Ne7 27. g4 Bg6 28.
Nh4 Rb8 29. Ba4 Qd8 30. Nhf5 Bxf5 31. gxf5 Ra8 32. Rxa8 Qxa8 33. b3 Nc6 34.
Bxc6 Qxc6 35. Nd5 Bd8 36. Qa2 Qd6 37. Qa8 Kh7 38. Qa7 f6 39. Kf3 Qf8 40. Qd7 h5
41. Kg3 Kh6 42. Kh4 g5+ 43. Kg3 g4 44. hxg4 Qg8 45. f3 Kg5 46. Ne7 h4+ 47. Kg2
h3+ 48. Kg3 h2 49. Nxg8 1-0

[Event "Germain Laplante U1600"]
[Site "Chambly CAN"]
[Date "2023.04.30"]
[Round "4.39"]
[White "Nguyen, Danny"]
[Black "Deslandes, Raynald"]
[Result "0-1"]
[WhiteElo "1323"]
[BlackElo "1470"]
[PlyCount "78"]
[EventDate "2023.04.28"]
[EventType "swiss"]
[EventRounds "5"]
[EventCountry "CAN"]

1. e4 c5 2. c3 d5 3. exd5 Qxd5 4. d4 Nc6 5. Nf3 Bg4 6. Be2 e6 7. h3 Bf5 8. O-O
Rd8 9. Be3 cxd4 10. cxd4 Bb4 11. Nc3 Qa5 12. Qb3 Nge7 13. Rac1 O-O 14. Rfd1 Rd7
15. Bc4 Rfd8 16. a3 Bxc3 17. bxc3 Qc7 18. Be2 Be4 19. Ng5 Bf5 20. Nf3 Nd5 21.
Bg5 f6 22. Bh4 Nf4 23. Bc4 Na5 24. Bxe6+ Bxe6 25. Qb2 Nc4 26. Qa2 Ne3 27. Qd2
Nxd1 28. Rxd1 Bc4 29. Bg3 Ne2+ 30. Kh1 Nxg3+ 31. fxg3 Qxg3 32. Qe3 Bd5 33. Rc1
Bxf3 34. gxf3 Qxh3+ 35. Kg1 Qg3+ 36. Kf1 Qg5 37. Qe6+ Kh8 38. Re1 Qg6 39. Re4
f5 0-1

[Event "Germain Laplante U1600"]
[Site "Chambly CAN"]
[Date "2023.04.30"]
[Round "4.40"]
[White "Tom, Kar Yung"]
[Black "Sonko, Babacar"]
[Result "0-1"]
[WhiteElo "1372"]
[BlackElo "1575"]
[PlyCount "108"]
[EventDate "2023.04.28"]
[EventType "swiss"]
[EventRounds "5"]
[EventCountry "CAN"]

1. e4 e5 2. Nf3 Nc6 3. Bc4 Nf6 4. d3 Bc5 5. c3 d6 6. O-O a6 7. a4 Ba7 8. Re1
O-O 9. h3 Ne7 10. Nbd2 Ng6 11. Nf1 b5 12. Bb3 Bb7 13. Be3 Bxe3 14. Nxe3 Nf4 15.
Nf5 g6 16. Ng3 Kg7 17. d4 bxa4 18. Rxa4 Bc6 19. Ra5 exd4 20. Nxd4 Bd7 21. Qd2
Nxh3+ 22. gxh3 c5 23. Rea1 cxd4 24. cxd4 Bb5 25. Ba4 Bc4 26. Bd1 Qd7 27. Kg2 h5
28. Nxh5+ Nxh5 29. Bxh5 Bb5 30. Bg4 Qe7 31. Qf4 Rae8 32. Re1 f5 33. Bf3 g5 34.
Qg3 f4 35. Qh2 Rh8 36. Ra3 Bd7 37. Bd1 Rh4 38. Ba4 Reh8 39. Bxd7 Qxd7 40. Rh1
g4 41. Kf1 g3 42. Qg2 Qb5+ 43. Ke1 Qxb2 44. Rd3 Qb1+ 45. Kd2 Qb2+ 46. Ke1 a5
47. Rd2 Qc3 48. fxg3 Qxg3+ 49. Qxg3+ fxg3 50. Re2 Rxh3 51. Kf1 Rxh1+ 52. Kg2
R8h2+ 53. Kf3 Rxe2 54. Kxe2 a4 0-1

[Event "Germain Laplante U1600"]
[Site "Chambly CAN"]
[Date "2023.04.30"]
[Round "4.41"]
[White "Poulin, Pascal"]
[Black "Nadeau, Dominic"]
[Result "0-1"]
[WhiteElo "1279"]
[BlackElo "1521"]
[PlyCount "74"]
[EventDate "2023.04.28"]
[EventType "swiss"]
[EventRounds "5"]
[EventCountry "CAN"]

1. e4 e5 2. Nc3 Nc6 3. Bc4 Nf6 4. d3 h6 5. f4 Bc5 6. Nf3 d6 7. Na4 Bd4 8. c3
Bb6 9. Nxb6 axb6 10. O-O Na5 11. fxe5 Nxe4 12. Bxf7+ Ke7 13. dxe4 Kxf7 14. Nh4+
Ke6 15. Qd5+ Kd7 16. Rf7+ Ke8 17. Ng6 c6 18. Qd3 Kxf7 19. Nxh8+ Qxh8 20. b4 Nb3
21. Qc4+ Be6 22. Qf1+ Kg6 23. Rb1 Nxc1 24. Rxc1 dxe5 25. Rd1 Rd8 26. Rc1 Qf8
27. Qe2 Qd6 28. Rf1 Qd3 29. Qf2 Qxe4 30. Qxb6 Rd7 31. h3 Bd5 32. Qf2 Rf7 33.
Qg3+ Kh7 34. Re1 Qf4 35. Qd3+ g6 36. Rd1 Qf2+ 37. Kh2 Qxg2# 0-1

[Event "Germain Laplante U1600"]
[Site "Chambly CAN"]
[Date "2023.04.30"]
[Round "4.42"]
[White "Dubreuil, Raymond"]
[Black "Morasse, Daniel"]
[Result "0-1"]
[WhiteElo "1509"]
[BlackElo "1228"]
[PlyCount "114"]
[EventDate "2023.04.28"]
[EventType "swiss"]
[EventRounds "5"]
[EventCountry "CAN"]

1. Nf3 d5 2. g3 Nf6 3. c4 e6 4. b3 Be7 5. Bg2 c5 6. e3 Nc6 7. Bb2 O-O 8. O-O
Qc7 9. Nc3 a6 10. a3 dxc4 11. bxc4 e5 12. d3 h6 13. Qc2 Be6 14. Rab1 Rad8 15.
Rfd1 Qc8 16. Ba1 Bh3 17. Na4 Bxg2 18. Kxg2 Qc7 19. Qb2 Rb8 20. Nxe5 Nxe5 21.
Qxe5 Qc6+ 22. e4 Bd6 23. Qc3 Qxa4 24. e5 Qc6+ 25. Kg1 Bxe5 26. Qxe5 Rfe8 27.
Qf4 Nh5 28. Qg4 g6 29. Bc3 Re6 30. d4 cxd4 31. Qxd4 f6 32. Qa7 Rbe8 33. Qxb7
Qxc4 34. Qf3 f5 35. Bd2 Kh7 36. Rb7+ R8e7 37. Rxe7+ Rxe7 38. Bb4 Rf7 39. Qd5
Qxd5 40. Rxd5 f4 41. Rd6 Rc7 42. Kg2 Rf7 43. Rxa6 f3+ 44. Kh3 Nf6 45. Bd2 Ne4
46. Be3 Rf5 47. g4 Rf7 48. Ra7 Ng5+ 49. Kh4 Rxa7 50. Bxa7 Ne4 51. a4 g5+ 52.
Kh3 Kg6 53. a5 h5 54. a6 Nc3 55. Bd4 Ne2 56. Be3 Ng1+ 57. Kg3 h4# 0-1

[Event "Germain Laplante U1600"]
[Site "Chambly CAN"]
[Date "2023.04.30"]
[Round "4.43"]
[White "Auersperg, Leo"]
[Black "Rebhi, Mohamed"]
[Result "1/2-1/2"]
[WhiteElo "1501"]
[BlackElo "1336"]
[PlyCount "145"]
[EventDate "2023.04.28"]
[EventType "swiss"]
[EventRounds "5"]
[EventCountry "CAN"]

1. e4 e5 2. Nf3 Nc6 3. d4 f5 4. exf5 e4 5. d5 exf3 6. dxc6 bxc6 7. Qxf3 Nf6 8.
Bd3 d5 9. O-O Be7 10. Re1 O-O 11. Bg5 Bd7 12. Nd2 Qe8 13. Re2 Qf7 14. c4 Bd6
15. cxd5 cxd5 16. Bxf6 gxf6 17. Rc1 c6 18. Nc4 Bc7 19. Ne3 Qg6 20. Nxd5 Bd6 21.
Ne3 Kh8 22. Rd1 Be5 23. Be4 Rg8 24. Bxc6 Bxc6 25. Qxc6 Qh6 26. g3 Qh5 27. Red2
Raf8 28. Qg2 a5 29. Nd5 a4 30. f4 Bxb2 31. Re1 a3 32. Qe2 Qxf5 33. Kg2 Re8 34.
Ne3 Qxf4 35. Qf3 Qxf3+ 36. Kxf3 Bc3 37. Ree2 Bxd2 38. Rxd2 Rd8 39. Rc2 Rg7 40.
Rc3 Ra8 41. Rb3 Rd7 42. Ke2 Kg7 43. h4 Kf7 44. Ng4 Re8+ 45. Kf3 Ra8 46. Ke2 Rd6
47. Rb5 Ra4 48. Nf2 f5 49. Nd3 Kf6 50. Nf4 Re4+ 51. Kf3 Rd2 52. Rb6+ Kf7 53.
Rb7+ Re7 54. Rb5 Rxa2 55. Rxf5+ Kg7 56. Nh5+ Kg8 57. Nf6+ Kg7 58. Nh5+ Kg6 59.
Rf6+ Kxh5 60. g4+ Kxh4 61. Rf5 Re3+ 62. Kxe3 Kxg4 63. Rf7 h5 64. Rg7+ Kh3 65.
Kf3 h4 66. Rg1 Rb2 67. Rh1+ Rh2 68. Rf1 a2 69. Rg1 Rb2 70. Rh1+ Rh2 71. Rg1 Rb2
72. Rh1+ Rh2 73. Rf1 1/2-1/2

[Event "Germain Laplante U1600"]
[Site "Chambly CAN"]
[Date "2023.04.30"]
[Round "4.44"]
[White "Bergeron, Jean-Guy"]
[Black "Godbout, Remi"]
[Result "1-0"]
[WhiteElo "1448"]
[BlackElo "1159"]
[PlyCount "56"]
[EventDate "2023.04.28"]
[EventType "swiss"]
[EventRounds "5"]
[EventCountry "CAN"]

1. c4 e5 2. g3 d6 3. Bg2 Nf6 4. Qa4+ Bd7 5. Qb3 Bc6 6. Bxc6+ bxc6 7. Qb7 Nbd7
8. Qxc6 Rb8 9. Nc3 Rb6 10. Qf3 c6 11. Nh3 h6 12. Qg2 Qc7 13. O-O Be7 14. d3 O-O
15. f4 a6 16. f5 Qb7 17. g4 Nh7 18. g5 hxg5 19. Nxg5 Nxg5 20. Bxg5 Bxg5 21.
Qxg5 Rxb2 22. f6 Nxf6 23. Rxf6 Qd7 24. Raf1 Rc8 25. Ne4 Qe7 26. Ng3 Qa7+ 27.
Kh1 Qe3 28. Qg4 Rxa2 1-0

[Event "Germain Laplante U1600"]
[Site "Chambly CAN"]
[Date "2023.04.30"]
[Round "4.45"]
[White "Lamontagne, Damien"]
[Black "Scott, Benjamin"]
[Result "1-0"]
[WhiteElo "1254"]
[BlackElo "1406"]
[PlyCount "101"]
[EventDate "2023.04.28"]
[EventType "swiss"]
[EventRounds "5"]
[EventCountry "CAN"]

1. e4 c6 2. d4 d5 3. exd5 cxd5 4. Bd3 Nc6 5. c3 Nf6 6. Nf3 Bg4 7. h3 Bh5 8. O-O
e6 9. Bf4 Bd6 10. Bxd6 Qxd6 11. Nbd2 O-O 12. Qc2 Rfc8 13. a3 Rab8 14. b4 Rc7
15. b5 Na5 16. Rfe1 Rbc8 17. Qa4 b6 18. Qb4 Qd8 19. Rac1 Bg6 20. Bxg6 hxg6 21.
Ne5 Nd7 22. Ndf3 Nxe5 23. Nxe5 g5 24. Re3 Nc4 25. Nxc4 Rxc4 26. Qb2 g4 27. Qd2
gxh3 28. Rxh3 Qe7 29. Qb2 Qc7 30. Qd2 Qd6 31. Ra1 Ra4 32. Qb2 Rac4 33. Qd2 Qc7
34. Rc1 Qe7 35. Qb2 g6 36. Re3 Kg7 37. g3 Rh8 38. Re5 Qf8 39. Kg2 Rh6 40. Rh1
Qh8 41. Rxh6 Qxh6 42. Re3 g5 43. g4 Qh4 44. Qe2 Qh6 45. Qd2 Qg6 46. Re5 Kf6 47.
Qe3 Rc8 48. Rf5+ Kg7 49. Rxg5 Qxg5 50. Qxg5+ Kf8 51. Qe3 1-0

[Event "Germain Laplante U1600"]
[Site "Chambly CAN"]
[Date "2023.04.30"]
[Round "4.46"]
[White "Alameddine, Ziad"]
[Black "Camire, Pierre"]
[Result "0-1"]
[WhiteElo "1141"]
[BlackElo "1481"]
[PlyCount "75"]
[EventDate "2023.04.28"]
[EventType "swiss"]
[EventRounds "5"]
[EventCountry "CAN"]

1. e4 e6 2. d4 d5 3. e5 c5 4. c3 Nc6 5. Nf3 Qb6 6. Be2 Nge7 7. O-O Nf5 8. a3
Bd7 9. b4 cxd4 10. cxd4 Ncxd4 11. Nxd4 Qxd4 12. Qxd4 Nxd4 13. Bd3 Nb3 14. Ra2
Nxc1 15. Rxc1 Rc8 16. Rxc8+ Bxc8 17. Bb5+ Bd7 18. Bxd7+ Kxd7 19. Rc2 Be7 20.
Nd2 Rc8 21. Rxc8 Kxc8 22. Nf3 h6 23. h3 a5 24. bxa5 Bxa3 25. Nd4 Bb2 26. Ne2
Bxe5 27. f3 Bc7 28. Nd4 Bxa5 29. Nb5 Kd7 30. g4 Bb6+ 31. Kg2 Bc7 32. Nc3 Ba5
33. Ne2 Kc6 34. Nc1 Kc5 35. Kf2 b5 36. Ke2 b4 37. Kd2 Kc4 38. Kd1 0-1

[Event "Germain Laplante U1600"]
[Site "Chambly CAN"]
[Date "2023.04.30"]
[Round "4.47"]
[White "Breton, Jules"]
[Black "Ferenczi, Edmund"]
[Result "1-0"]
[WhiteElo "1350"]
[BlackElo "1599"]
[PlyCount "89"]
[EventDate "2023.04.28"]
[EventType "swiss"]
[EventRounds "5"]
[EventCountry "CAN"]

1. d4 d5 2. c4 dxc4 3. Qa4+ Bd7 4. Qxc4 Nf6 5. Nc3 Be6 6. Qd3 g6 7. e4 Bg7 8.
h3 c6 9. Nf3 Na6 10. a3 Nc7 11. Be2 O-O 12. O-O b5 13. Qc2 a6 14. Be3 Rb8 15.
Ne5 Qd6 16. Rac1 c5 17. Nf3 Qd7 18. dxc5 Nh5 19. Ng5 f6 20. Nxe6 Nxe6 21. Qb3
f5 22. Nd5 Kh8 23. Nb6 Qc6 24. Bf3 fxe4 25. Bg4 Nd4 26. Qa2 Rbd8 27. b4 Nf6 28.
Bxd4 Rxd4 29. Be2 Nd7 30. Nxd7 Rxd7 31. Bg4 Rdd8 32. Rcd1 Rxd1 33. Rxd1 h5 34.
Be2 Qf6 35. f3 exf3 36. Bxf3 Qb2 37. Qe6 Bf6 38. c6 Qc3 39. Qd7 Qxa3 40. c7 Qc3
41. Bc6 Qe3+ 42. Kh1 Qe2 43. c8=Q Rxc8 44. Qxc8+ Kg7 45. Bf3 1-0

[Event "Germain Laplante U1600"]
[Site "Chambly CAN"]
[Date "2023.04.30"]
[Round "4.48"]
[White "Ouimet, Alain"]
[Black "Pinsonneault, Marc"]
[Result "1-0"]
[WhiteElo "1319"]
[BlackElo "1595"]
[PlyCount "47"]
[EventDate "2023.04.28"]
[EventType "swiss"]
[EventRounds "5"]
[EventCountry "CAN"]

1. Nf3 Nf6 2. c4 e6 3. d3 d5 4. cxd5 exd5 5. e3 c5 6. g3 Nc6 7. Bg2 Be7 8. Bd2
O-O 9. O-O h6 10. Na3 Be6 11. Nc2 Qc7 12. Rc1 Qb6 13. a3 Qa6 14. Bc3 Rfd8 15.
b4 c4 16. d4 b5 17. Rb1 Qc8 18. Re1 Ne4 19. Ba1 Rb8 20. Nd2 Bf5 21. Nxe4 Bxe4
22. Bxe4 dxe4 23. d5 Rd7 24. Qg4 1-0

[Event "Germain Laplante U1600"]
[Site "Chambly CAN"]
[Date "2023.04.30"]
[Round "4.49"]
[White "Frechette, Jean-Martin"]
[Black "Mullur, Neerav"]
[Result "0-1"]
[WhiteElo "1318"]
[BlackElo "1356"]
[PlyCount "32"]
[EventDate "2023.04.28"]
[EventType "swiss"]
[EventRounds "5"]
[EventCountry "CAN"]

1. d4 d5 2. Nf3 Nf6 3. Bf4 c5 4. e3 Nc6 5. c3 Nh5 6. Bg3 Nxg3 7. hxg3 Bf5 8.
Nbd2 Qb6 9. b3 Qa5 10. Nh4 Bd7 11. Qc2 Rc8 12. Bd3 cxd4 13. exd4 Nxd4 14. Qb2
Rxc3 15. b4 Qc7 16. Be2 Nc2+ 0-1

[Event "Germain Laplante U1600"]
[Site "Chambly CAN"]
[Date "2023.04.30"]
[Round "4.50"]
[White "St-Laurent, Luc"]
[Black "Hebert, Pierre"]
[Result "0-1"]
[WhiteElo "1277"]
[BlackElo "1421"]
[PlyCount "44"]
[EventDate "2023.04.28"]
[EventType "swiss"]
[EventRounds "5"]
[EventCountry "CAN"]

1. d4 Nf6 2. Nf3 g6 3. g3 Bg7 4. Bg2 O-O 5. O-O d5 6. c4 c6 7. Qb3 Qb6 8. Qxb6
axb6 9. a3 Nbd7 10. Nc3 Re8 11. Rd1 e5 12. dxe5 Nxe5 13. Bf4 Nh5 14. Bxe5 Bxe5
15. Nxe5 Rxe5 16. e4 Nf6 17. exd5 cxd5 18. cxd5 Nxd5 19. Bxd5 Bf5 20. Rd2 Rae8
21. b4 Bh3 22. Bg2 Re1+ 0-1

[Event "Germain Laplante U1600"]
[Site "Chambly CAN"]
[Date "2023.04.30"]
[Round "4.51"]
[White "Godbout, Julien"]
[Black "Soskic, Milan"]
[Result "0-1"]
[WhiteElo "1239"]
[BlackElo "1280"]
[PlyCount "48"]
[EventDate "2023.04.28"]
[EventType "swiss"]
[EventRounds "5"]
[EventCountry "CAN"]

1. e4 c5 2. Nf3 d6 3. d4 cxd4 4. Nxd4 Nf6 5. Nc3 a6 6. Be3 e5 7. Nb3 Nc6 8. f3
Be7 9. Qd2 O-O 10. O-O-O Be6 11. g4 Qc7 12. f4 Nxg4 13. f5 Nxe3 14. Qxe3 Bxb3
15. cxb3 Nd4 16. Bc4 b5 17. Nd5 Qd8 18. Nxe7+ Qxe7 19. Bd5 Rac8+ 20. Kb1 Rc2
21. Rd2 Qc7 22. Rd3 Rc8 23. f6 Re2 24. Rc1 Rxe3 0-1

[Event "Germain Laplante U1600"]
[Site "Chambly CAN"]
[Date "2023.04.30"]
[Round "4.52"]
[White "Aubut, Jean-Philippe"]
[Black "Laporte, Michel"]
[Result "0-1"]
[WhiteElo "1405"]
[BlackElo "1504"]
[PlyCount "61"]
[EventDate "2023.04.28"]
[EventType "swiss"]
[EventRounds "5"]
[EventCountry "CAN"]

1. d4 d6 2. c4 g6 3. Nc3 Bg7 4. e4 Nf6 5. Nf3 O-O 6. Bd3 e5 7. d5 Na6 8. O-O
Qe8 9. h3 Nh5 10. Bc2 f5 11. exf5 gxf5 12. Ng5 Nc5 13. Nb5 Na6 14. Re1 h6 15.
Nf3 Qf7 16. Rb1 Nb4 17. Bb3 e4 18. Nfd4 a6 19. Nxc7 Nd3 20. Nce6 Bxd4 21. Nxd4
Nxe1 22. Qxe1 Qg7 23. Qe2 Qg6 24. Bd1 Ng7 25. Bf4 Qf6 26. Nb3 Bd7 27. Na5 Rab8
28. c5 Bb5 29. Qc2 Bd3 30. Qc1 Bxb1 31. Qxb1 0-1

[Event "Germain Laplante U1600"]
[Site "Chambly CAN"]
[Date "2023.04.30"]
[Round "4.53"]
[White "Perron, Bernard"]
[Black "Legault, Jean-Philippe"]
[Result "0-1"]
[WhiteElo "1035"]
[BlackElo "1445"]
[PlyCount "82"]
[EventDate "2023.04.28"]
[EventType "swiss"]
[EventRounds "5"]
[EventCountry "CAN"]

1. e4 c6 2. Nc3 d5 3. exd5 cxd5 4. d4 Nf6 5. Be2 Bf5 6. Bd2 e6 7. h3 Nc6 8. Bb5
a6 9. Bxc6+ bxc6 10. Nf3 Bd6 11. Ne5 Qc7 12. O-O Bxe5 13. dxe5 Qxe5 14. Re1 Qc7
15. Rc1 O-O 16. Qf3 Rfe8 17. Ne2 c5 18. Qg3 Qxg3 19. Nxg3 Bg6 20. c3 c4 21. f3
Nd7 22. Red1 Nc5 23. Ra1 a5 24. Ne2 e5 25. Be3 Nd3 26. Rd2 a4 27. a3 Reb8 28.
Ra2 Ra5 29. f4 f6 30. fxe5 fxe5 31. Kh2 Rab5 32. Ba7 R8b7 33. Be3 Nxb2 34.
Raxb2 Rxb2 35. Ng3 Rxd2 36. Bxd2 Rb3 37. h4 h5 38. Ne2 Rb2 39. Be3 Rxe2 40. Bc5
Rc2 41. Bb4 e4 0-1

[Event "Germain Laplante U1600"]
[Site "Chambly CAN"]
[Date "2023.04.30"]
[Round "5.30"]
[White "Banger, Sartaj"]
[Black "Wu, Ting En Ryan"]
[Result "1-0"]
[WhiteElo "1315"]
[BlackElo "1400"]
[PlyCount "127"]
[EventDate "2023.04.28"]
[EventType "swiss"]
[EventRounds "5"]
[EventCountry "CAN"]

1. e4 c5 2. Nf3 Nc6 3. d4 cxd4 4. Nxd4 g6 5. Nc3 Bg7 6. Be3 Nf6 7. f3 O-O 8.
Qd2 d6 9. Bc4 Bd7 10. O-O-O Rc8 11. Bb3 a6 12. g4 b5 13. Nxc6 Rxc6 14. Bh6 Qc7
15. Bxg7 Kxg7 16. h4 h5 17. Nd5 Nxd5 18. Bxd5 Rh8 19. Bxc6 Bxc6 20. Qd4+ Kg8
21. g5 a5 22. Rhf1 Kh7 23. f4 Rd8 24. f5 e5 25. fxe6 fxe6 26. Rf6 e5 27. Qf2
Rd7 28. Qf3 b4 29. Rf1 Kg7 30. Rf8 Kh7 31. Qf6 Rg7 32. Qd8 Qxd8 33. Rxd8 Bxe4
34. Rxd6 Rc7 35. Rf2 a4 36. Rfd2 Bf5 37. Rb6 e4 38. Rxb4 e3 39. Re2 Re7 40.
Rxa4 Bg4 41. Re1 e2 42. Ra3 Rd7 43. Rd3 Ra7 44. a3 Rc7 45. b4 Rf7 46. Re3 Ra7
47. Kb2 Rd7 48. R3xe2 Bxe2 49. Rxe2 Kg7 50. Re4 Kf7 51. Kb3 Kg7 52. a4 Kh8 53.
b5 Rg7 54. c4 Rd7 55. a5 Kg8 56. b6 Kh8 57. a6 Kg8 58. a7 Kh7 59. a8=Q Rf7 60.
Qe8 Rg7 61. Re7 Rxe7 62. Qxe7+ Kg8 63. b7 Kh8 64. b8=R# 1-0

[Event "Germain Laplante U1600"]
[Site "Chambly CAN"]
[Date "2023.04.30"]
[Round "5.32"]
[White "Asselin, Jonathan"]
[Black "Mourad, Michel"]
[Result "0-1"]
[WhiteElo "1375"]
[BlackElo "1492"]
[PlyCount "86"]
[EventDate "2023.04.28"]
[EventType "swiss"]
[EventRounds "5"]
[EventCountry "CAN"]

1. e4 e5 2. Nf3 Nf6 3. Nxe5 d6 4. Nf3 Nxe4 5. Qe2 Qe7 6. d3 Nf6 7. Bg5 Qxe2+ 8.
Bxe2 Be7 9. Nc3 h6 10. Bd2 Bd7 11. O-O-O Nc6 12. Nb5 O-O-O 13. h3 Rde8 14. Nfd4
Kb8 15. Bf3 Ne5 16. a4 c5 17. Ne2 Nxf3 18. gxf3 Bc6 19. Bf4 Bxf3 20. Rhg1 g5
21. Bg3 Bxe2 22. Rde1 Bf8 23. Kd2 Bh5 24. Rxe8+ Nxe8 25. Re1 f5 26. Rxe8+ Bxe8
27. Nxd6 Bxd6 28. Bxd6+ Ka8 29. Bxc5 Bxa4 30. Bd6 g4 31. h4 h5 32. d4 Rd8 33.
Be5 b6 34. b3 Bc6 35. c4 Be4 36. b4 Kb7 37. Kc3 Rf8 38. Bf4 Ra8 39. d5 b5 40.
d6 bxc4 41. Bg5 Kc6 42. Be7 Bd3 43. b5+ Kd7 0-1

[Event "Germain Laplante U1600"]
[Site "Chambly CAN"]
[Date "2023.04.30"]
[Round "5.33"]
[White "Tarditi, Francesco"]
[Black "Rodrigue, Vincent"]
[Result "0-1"]
[WhiteElo "1171"]
[BlackElo "1485"]
[PlyCount "58"]
[EventDate "2023.04.28"]
[EventType "swiss"]
[EventRounds "5"]
[EventCountry "CAN"]

1. e4 c6 2. d4 d5 3. exd5 cxd5 4. Nf3 Nc6 5. Bf4 Bg4 6. Nbd2 Nf6 7. c3 Qb6 8.
Qc2 Rc8 9. Bd3 e6 10. Rb1 Be7 11. Ne5 Nxd4 12. Qa4+ Nc6 13. Nxc6 bxc6 14. h3
Bh5 15. Be3 Bc5 16. Ba6 Bxe3 17. Bxc8 Bxd2+ 18. Kxd2 Qxf2+ 19. Kc1 Qe3+ 20. Kc2
Bg6+ 21. Kb3 O-O 22. Rbe1 Qb6+ 23. Ka3 Rxc8 24. b3 Ne4 25. h4 Nxc3 26. Qf4 d4
27. Qg4 Qa5+ 28. Kb2 Qxa2+ 29. Kc1 Qc2# 0-1